000 00355nam a2200145Ia 4500
008 230917s9999||||xx |||||||||||||| ||und||
040 _e53923
_aMAIN
041 _aEnglish
082 _a359.0092 S64S
100 _aSingh, R P
245 0 _aSacked or sunk ?: Admiral Vishnu Bhagwat
260 _aNew Delhi
_bManas
_c2000
300 _a260 p.
942 _cBK
999 _c81970
_d81970